Most Nominated Directors at the Tonys Quiz Stats

 Plays Quiz not verified by Sporcle

Challenge
Share
Tweet
Embed
Score 0/154 Timer 20:00
0 Plays Today
Director % Correct
Hello, Dolly!
92%
The Phantom of the Opera
88.5%
Cats
85.4%
My Fair Lady
85.2%
Cabaret
84.6%
Company
84.6%
Into the Woods
84.6%
Into the Woods
84.6%
Follies
83.8%
A Little Night Music
83.8%
Sweeney Todd: The Demon Barber of Fleet Street
83.8%
Pippin
81.5%
South Pacific
81.5%
Les Miserables
80.8%
Hello, Dolly!
80.8%
Chicago
80.8%
Evita
80%
Spamalot
79.2%
Sunday in the Park with George
79.2%
Groundhog Day
78.7%
Oslo
77.3%
She Loves Me
77.2%
She Loves Me
76.9%
Pacific Overtures
76.9%
She Loves Me
76.9%
The King and I
76.9%
Shuffle Along, or, the Making of the Musical Sensation of 1921 and All That Followed
76.4%
Show Boat
74.6%
Passion
74.6%
The Iceman Cometh
74.1%
Kiss of the Spider Woman
73.8%
42nd Street
73.1%
Hairspray
73.1%
Parade
72.3%
Nine
72.3%
Falsettos
71.5%
The 25th Annual Putnam County Spelling Bee
70%
Angels in America: Millennium Approaches
70%
Angels in America: Perestroika
70%
Sunset Boulevard
69.2%
The Light in the Piazza
69.2%
Matilda the Musical
69.2%
1776
68.5%
The Will Rogers Follies
68.5%
Bring in 'da Noise, Bring in 'da Funk
67.7%
Sweet Charity
67.7%
Grind
66.9%
Death of a Salesman
66.9%
Kiss Me, Kate
66.9%
Death of a Salesman
66.9%
Three Tall Women
66.7%
Assassins
66.7%
Director % Correct
Dancin'
66.2%
Guys and Dolls
65.4%
Grand Hotel
65.4%
On the Twentieth Century
64.6%
Caroline, or Change
64.6%
Candide
63.1%
Bye Bye Birdie
63.1%
The Little Foxes
62.7%
Mame
62.3%
City of Angels
60.8%
Oklahoma!
60%
Take Me Out
59.3%
Love! Valour! Compassion!
59.3%
Aspects of Love
59.2%
Starlight Express
58.5%
Little Me
58.5%
Golden Boy
58.5%
The Mystery of Edwin Drood
57.7%
Anything Goes
56.2%
My One and Only
56.2%
The Odd Couple and Luv
55.4%
The Coast of Utopia
54.6%
The Life
54.6%
The Full Monty
53.8%
Jelly's Last Jam
53.8%
The Normal Heart
53.8%
Proof
52.3%
A Funny Thing Happened on the Way to the Forum
51.5%
God of Carnage
51.5%
The Apple Tree
49.2%
Henry IV, Parts 1 and 2
49.2%
You Can't Take It With You
48.5%
Lucky Guy
46.9%
Barefoot in the Park
46.2%
Plaza Suite
46.2%
Brighton Beach Memoirs
46.2%
The Real Thing
45.4%
Big Deal
45.4%
The Norman Conquests
45.4%
The Life and Adventures of Nicholas Nickleby
43.8%
Zorba
43.1%
Amadeus
43.1%
Dirty Rotten Scoundrels
42.3%
Biloxi Blues
42.3%
The House of Blue Leaves
42.3%
Noises Off
42.3%
Cat on a Hot Tin Roof
42.3%
The Best Little Whorehouse in Texas
42.3%
I Love My Wife
41.5%
Porgy and Bess
40%
Curtains
40%
Lost in Yonkers
40%
Director % Correct
The Happy Time
39.2%
Mack & Mabel
39.2%
Steel Pier
37.7%
Six Degrees of Separation
36.9%
Smokey Joe's Cafe
36.9%
Awake and Sing
36.9%
'Art'
36.9%
Joe Turner's Come and Gone
35.4%
Carnival!
34.6%
J.B.
34.6%
The Humans
33.3%
The Invention of Love
33.1%
A Day in Hollywood\A Night in the Ukraine
33.1%
Lend Me A Tenor
30.8%
All My Sons
30%
Glengarry Glen Ross
29.6%
The Merchant of Venice
29.2%
Dirty Blonde
29.2%
The Merchant of Venice
29.2%
Sugar
27.7%
Boeing Boeing
26.9%
All's Well That Ends Well
25.4%
The Prisoner of Second Avenue
24.6%
Two Shakespearean Actors
24.6%
True West
24.6%
Four Baboons Adoring the Sun
23.8%
I Do! I Do!
23.8%
The Heidi Chronicles
23.8%
Not About Nightingales
23.1%
Twelve Angry Men
23.1%
Streamers
22.3%
The Gin Game
21.5%
The Homecoming
20.8%
Half a Sixpence
19.2%
Lettice and Lovage
19.2%
Uncle Vanya
17.7%
Comedians
17.7%
Betrayal
17.7%
Sweet Bird of Youth
17.7%
The Sisters Rosensweig
16.9%
The Dark at the Top of the Stairs
15.4%
An Ideal Husband
14.6%
The Rope Dancers
13.1%
Old Times
13.1%
Rabbit Hole
12.3%
Bedroom Farce
11.5%
Same Time, Next Year
11.5%
Conversations with My Father
10%
Morning's at Seven
10%
A Day in the Death of Joe Egg
10%

You're not logged in!

Compare scores with friends on all Sporcle quizzes.
OR
Log In

You Might Also Like...

Show Comments

Extras

Top Quizzes Today


Score Distribution

Your Account Isn't Verified!

In order to create a playlist on Sporcle, you need to verify the email address you used during registration. Go to your Sporcle Settings to finish the process.

Report this User

Report this user for behavior that violates our Community Guidelines.

Details: